Du bon usage des ressources renouvelables (Record no. 13630)

MARC details
000 -LEADER
fixed length control field 00891 a2200313 4500
035 ## - SYSTEM CONTROL NUMBER
System control number 13228
020 ## - NUMERO INTERNATIONAL NORMALISE DES LIVRES
International Standard Book Number 2-7099-1458-1
130 ## - VEDETTE PRINCIPALE - TITRE UNIFORME
Language of a work F
260 ## - PUBLICATION, DISTRIBUTION, ETC. (IMPRINT)
Place of publication, distribution, etc Paris
260 ## - PUBLICATION, DISTRIBUTION, ETC. (IMPRINT)
Name of publisher, distributor, etc Editions de l'IRD)
245 ## - TITLE STATEMENT
Title Du bon usage des ressources renouvelables
260 ## - PUBLICATION, DISTRIBUTION, ETC. (IMPRINT)
Date of publication, distribution, etc 2000
300 ## - PHYSICAL DESCRIPTION
Extent 471 p.
300 ## - PHYSICAL DESCRIPTION
Other physical details ill. (part. en coul, fig., cartes, tabl. ; 25 cm
440 ## - SERIES STATEMENT/ADDED ENTRY--TITLE
Number of part/section of a work 23
440 ## - SERIES STATEMENT/ADDED ENTRY--TITLE
Title (Latitudes)
440 ## - SERIES STATEMENT/ADDED ENTRY--TITLE
International Standard Serial Number 1278-348X
500 ## - GENERAL NOTE
General note Résumés en anglais et en espagnol. - Comprend un index. - Bibliographie : pp. 399-428
650 ## - SUBJECT ADDED ENTRY--TOPICAL TERM
Topical term or geographic name as entry element Ressources naturelles et renouvelables
650 ## - SUBJECT ADDED ENTRY--TOPICAL TERM
Topical term or geographic name as entry element Développement économique
700 ## - ADDED ENTRY--PERSONAL NAME
Personal name GILLON, Yves
700 ## - ADDED ENTRY--PERSONAL NAME
Personal name CHABOUD, Christian [et al...]
Holdings
Withdrawn status Lost status Damaged status Not for loan Location (home branch) Sublocation or collection (holding branch) Date acquired Koha issues (times borrowed) Koha full call number Koha date last seen Price effective from Koha item type
        Bibliothèque Ecole Polytechnique d'Abomey-Calavi Bibliothèque Ecole Polytechnique d'Abomey-Calavi 27/02/2009   333.7/D815 27/02/2009 27/02/2009 Livre


© 2008, Bibliothèques de l'Université d'Abomey-Calavi

04 BP 789 Cotonou, Tél. : +229 21 36 01 01, Fax : +229 21 35 06 32

Courriel : bu@bu.uac.bj